Katowice i Ostrawa - dwa ośrodki przemysłowe
| Titel: | Katowice i Ostrawa - dwa ośrodki przemysłowe : początki, rozwój, przyszłość / pod redakcją Antoniego Barciaka |
|---|---|
| Beteiligt: | |
| Körperschaft: | |
| Ausgabe: | Wyd. 1 |
| Veröffentlicht: | Katowice : Muzeum Historii Katowic, 2020 |
| Umfang: | 290 Seiten : Illustrationen, Karten |
| Format: | Buch |
| Sprache: | Polnisch; Tschechisch |
| Schriftenreihe/ mehrbändiges Werk: |
Katowice - historia i współczesność ; Tom 5(19) |
| ISBN: | 9788364356421 |
| Hinweise zum Inhalt: |
Inhaltsverzeichnis
|
alg: 47078890 001A $03004:21-10-20 001B $01999:24-02-21 $t11:42:09.000 001D $03004:19-11-20 001U $0utf8 001X $00 002@ $0Aau 002C $aText $btxt $2rdacontent 002D $aohne Hilfsmittel zu benutzen $bn $2rdamedia 002E $aBand $bnc $2rdacarrier 003@ $0470788909 004A $A978-83-64356-42-1 007A $0470788909 $aHEB 007G $0DE02097D02DE9D95691D9C125868500530454 009P $qapplication/pdf $A2 $3Inhaltsverzeichnis $uhttp://scans.hebis.de/HEBCGI/show.pl?47078890_toc.pdf $mV:DE-603;B:DE-Mb50 010@ $apol $acze 010E $erda 011@ $a2020 013D $RWissenschaftliche Literatur $RAufsatzsammlung $71071861417 $8Konferenzschrift [Ts1] $9359646190 $y2019 $zKatowice 013D $#Beiträge Formschlagwort $#Einzelbeiträge $#Sammelwerk Formschlagwort $74143413-4 $8Aufsatzsammlung [Ts1] $9085562742 021A $aKatowice i Ostrawa - dwa ośrodki przemysłowe $dpoczątki, rozwój, przyszłość $hpod redakcją Antoniego Barciaka 028C $BHerausgeber $4edt $7133148823 $8Barciak, Antoni$Z1947- [Tp1] $9188656219 029A $BVerfasser $4aut $8Katowicka Konferencja Naukowa "Katowice i Ostrawa – Dwa Ośrodki Przemysłowe. Początki – Rozwój – Przyszłość"$d2019$cKatowice [Tf1] $9472834320 032@ $aWyd. 1 033A $pKatowice $nMuzeum Historii Katowic 034D $a290 Seiten 034M $aIllustrationen, Karten 036E $aKatowice - historia i współczesność $lTom 5(19) 037A $aLiteraturangaben 044K $RKattowitz $RStalinogród $#Kattowitz 1922- $71028347-X $8Katowice [Tg1] $9042044391 044K $RMährisch-Ostrau $RSchlesisch-Ostrau $#Ostrau $#Ostrau Mähren $74044095-3 $8Ostrava [Tg1] $9085123633 044K $RWirtschaftswachstum $#Economic development $#Développement économique $#Wirtschaftliche Entwicklung $#Wirtschaftsdynamik $#Wirtschaftswandel $#Wirtschaftlicher Wandel $#Ökonomische Entwicklung $74066438-7 $8Wirtschaftsentwicklung [Ts1] $9085186708 044K $RRelation $#Wechselbeziehung $#Beziehungen $74145198-3 $8Beziehung [Ts1] $9085577189 045F $a909 $eDDC23BSB 045F/01 $a909 045F/03 $g438 045F/03 $g44371 046L $aZusammenfassung der Beiträge in deutscher Sprache lok: 47078890 24 exp: 47078890 24 1 #EPN 201B/01 $019-11-20 $t13:22:39.000 201C/01 $021-10-20 201U/01 $0utf8 203@/01 $01126303984 208@/01 $a19-11-20 $bz 209A/01 $a20.05004 $du $f050 $h20 05004 $x00 209A/01 $abest pga $x01 209C/01 $a20.05004 K $h20 05004 K 209G/01 $a74295428 $x00 220C/01 $aho-sz 247C/01 $8358050-7Marburg, Bibliothek des Herder-Instituts Marburg $9102600961 lok: 47078890 78 exp: 47078890 78 1 #EPN 201B/01 $014-06-21 $t11:19:21.000 201C/01 $014-06-21 201U/01 $0utf8 203@/01 $01157641164 208@/01 $a14-06-21 $be 209A/01 $a/ $f000 $x00 209A/01 $ab*p $x01 220C/01 $apgar 244Z/01 $#Generalgouvernement Polen $#Polska $#Rzeczpospolita Polska $#Polska Rzeczpospolita Ludowa $#Poland $#Pologne $#République Polonaise $#Generalne Gubernatorstwo w Polsce $#Polish People's Republic $#Polska Rzeczpospolita Polen $#PRL $#RP $#Polen Generalgouvernement $#Polska Generalgouvernement $#Besetzte Polnische Gebiete $#Besetztes Gebiet in Polen $#Okupowane Polskie Obszary $#Obszary Okupowane w Polsce $#Volksrepublik Polen $#Polska Rosyjska $#Republic Polen $#Respublika Pol'ša $#Pol'skaja Narodnaja Respublika $#République de Pologne $#Polen Links der Weichsel $#Polska po Lewej Stronie Wisły $#Lenkija $#Polija $#Gubernija Carstva Pol'skago $#Republik Polen $74046496-9 $8--Tg1--Polen $x01 $9085129801 244Z/01 $#Schlesien $#Schlesien $#Herzogtum Schlesien $#Herzogtum Schlesien Schlesien $#Provinz Schlesien $#Śla̜sk $#Slezsko $#Silesia $74052678-1 $8--Tg1--Schlesien $x02 $9085146781 244Z/01 $#Böhmische Kronländer $#Länder der Böhmischen Krone $#Sudetenland $#Böhmen $#Mähren $#Mährisch-Schlesien $#Österreichisch-Schlesien $#Tschechische Sozialistische Republik Böhmische Länder $#Tschechei Böhmische Länder $#Země koruny české $74069573-6 $8--Tg1--Böhmische Länder $x03 $9085195553 247C/01 $82080>Marburg/Lahn, Herder-Institut, Forschungsbibliothek, Bibliographieportal $9336309341
| LEADER | 00000cam a2200000 c 4500 | ||
|---|---|---|---|
| 001 | 470788909 | ||
| 003 | DE-603 | ||
| 005 | 20210224114209.0 | ||
| 007 | tu | ||
| 008 | 201021s2020 xx |||| | u10||u|pol c | ||
| 020 | |a 9788364356421 | ||
| 035 | |a (DE-599)HEB470788909 | ||
| 040 | |a DE-603 |b ger |c DE-603 |d DE-603 |e rda | ||
| 041 | |a pol |a cze | ||
| 082 | 0 | 4 | |8 1\u |a 909 |q DE-101 |2 23/BSB |
| 085 | |8 1\u |b 909 | ||
| 085 | |8 1\u |z 2 |s 438 | ||
| 085 | |8 1\u |z 2 |s 44371 | ||
| 111 | 2 | |a Katowicka Konferencja Naukowa "Katowice i Ostrawa – Dwa Ośrodki Przemysłowe. Początki – Rozwój – Przyszłość" |d 2019 |c Katowice |j Verfasser |4 aut |0 (DE-603)472834320 |0 (DE-588)1221984969 |2 gnd | |
| 245 | 0 | 0 | |a Katowice i Ostrawa - dwa ośrodki przemysłowe |b początki, rozwój, przyszłość |c pod redakcją Antoniego Barciaka |
| 250 | |a Wyd. 1 | ||
| 264 | 1 | |a Katowice |b Muzeum Historii Katowic |c 2020 | |
| 300 | |a 290 Seiten |b Illustrationen, Karten | ||
| 336 | |a Text |b txt |2 rdacontent | ||
| 337 | |a ohne Hilfsmittel zu benutzen |b n |2 rdamedia | ||
| 338 | |a Band |b nc |2 rdacarrier | ||
| 490 | 0 | |a Katowice - historia i współczesność |v Tom 5(19) | |
| 500 | |a Literaturangaben | ||
| 546 | |a Zusammenfassung der Beiträge in deutscher Sprache | ||
| 650 | 7 | |a Wirtschaftsentwicklung |0 (DE-588)4066438-7 |0 (DE-603)085186708 |2 gnd | |
| 650 | 7 | |a Beziehung |0 (DE-588)4145198-3 |0 (DE-603)085577189 |2 gnd | |
| 651 | 7 | |a Katowice |0 (DE-588)1028347-X |0 (DE-603)042044391 |2 gnd | |
| 651 | 7 | |a Ostrava |0 (DE-588)4044095-3 |0 (DE-603)085123633 |2 gnd | |
| 655 | 7 | |a Konferenzschrift |y 2019 |z Katowice |2 gnd-content |0 (DE-588)1071861417 |0 (DE-603)359646190 | |
| 655 | 7 | |a Aufsatzsammlung |2 gnd-content |0 (DE-588)4143413-4 |0 (DE-603)085562742 | |
| 700 | 1 | |a Barciak, Antoni |d 1947- |e Herausgeber |4 edt |0 (DE-603)188656219 |0 (DE-588)133148823 |2 gnd | |
| 856 | 4 | 2 | |m V:DE-603;B:DE-Mb50 |q application/pdf |u http://scans.hebis.de/HEBCGI/show.pl?47078890_toc.pdf |3 Inhaltsverzeichnis |
| 924 | 0 | |9 Mb 50 |a (DE-603)1126303984 |b DE-Mb50 |c HES |d c |g 20.05004 | |
| 924 | 0 | |9 2080 |a (DE-603)1157641164 |b DE-2080 |c HES |d d |g / | |


